Ngữ pháp tiếng Pháp; T2

Spremljeno u:
Bibliografski detalji
Glavni autor: Ngữ pháp tiếng Pháp; T2
Format: Knjiga
Jezik:Undetermined
Izdano: Hà Nội Giáo dục 1995
Teme:
Oznake: Dodaj oznaku
Bez oznaka, Budi prvi tko označuje ovaj zapis!
Thư viện lưu trữ: Trung tâm Học liệu Trường Đại học Cần Thơ
LEADER 00546nam a2200169Ia 4500
001 CTU_18286
008 210402s9999 xx 000 0 und d
082 |a 445 
082 |b C107/T2 
100 |a Ngữ pháp tiếng Pháp; T2 
245 0 |a Ngữ pháp tiếng Pháp; T2 
245 0 |c Ngữ pháp tiếng Pháp; T2; Biên soạn: Nguyễn Ngọc Cảnh 
260 |a Hà Nội 
260 |b Giáo dục 
260 |c 1995 
650 |a french language - grammar 
980 |a Trung tâm Học liệu Trường Đại học Cần Thơ